000 00259nam a2200097Ia 4500
001 1195369
005 20250827021746.0
008 250824s9999 xx 000 0 und d
245 0 _aHABERCİ ÇOCUK CİNAYETLERİ
_cPERİHAN MAĞDEN
260 _bEVEREST YAYINLARI
999 _c1195369
_d1195369